| 000 | 00607nam a2200241Ia 4500 | ||
|---|---|---|---|
| 003 | OSt | ||
| 005 | 20221005124538.0 | ||
| 006 | a|||||r|||| 00| 0 | ||
| 007 | ta | ||
| 008 | 221004b |||||||| |||| 00| 0 ger d | ||
| 024 | _a47332 | ||
| 037 | _cTextual | ||
| 040 |
_aCRL _cCRL _bger |
||
| 041 |
_2ger _ager |
||
| 082 | _aO113,2M98,1, 31L8 | ||
| 100 |
_aPavanan Au. _9593529 |
||
| 245 | 0 | _aNallavar oruvar | |
| 260 | _c1978 | ||
| 300 |
_a168p. _ccm. |
||
| 650 |
_aGERMAN LITERATURE _915713 |
||
| 942 |
_hO113,2M98,1, 31L8 _cTEXL _2cc |
||
| 999 |
_c1050817 _d1050817 |
||